Conjuntos ortogonales y métodos polares en álgebra lineal : aplicaciones al cálculo matricial, sistemas de ecuaciones, desigualdades y programación lineal /

Contenido: Espacios vectoriales y sistemas de ecuaciones; Conceptos básicos; Conjuntos ortogonales; Cálculo matricial mediante conjuntos ortogonales; Aplicaciones de los conjuntos ortogonales; Conjuntos ortogonales y sistemas de ecuaciones lineales; Conos y sistemas de inecuaciones; Polítopos y poli...

وصف كامل

محفوظ في:
التفاصيل البيبلوغرافية
مؤلفون آخرون: Castillo, Enrique (autor) (autor)
التنسيق: كتاب
اللغة:الإسبانية
منشور في: Madrid, España : Academia de Ingeniería, 1999, c1999
سلاسل:(Monografías de la Academia de Ingeniería ; 2)
الموضوعات:
الوسوم: إضافة وسم
لا توجد وسوم, كن أول من يضع وسما على هذه التسجيلة!

MARC

LEADER 00000nam^a2200000^a^4500
001 000152740
005 20250521000000.0
009 20260310100255.396
020 |a 84-930546-0-7 
037 |a Acervo ITESO - Biblioteca 
041 |a ESP 
082 |a 512. 5  |b CON 
245 0 0 |a Conjuntos ortogonales y métodos polares en álgebra lineal :  |b aplicaciones al cálculo matricial, sistemas de ecuaciones, desigualdades y programación lineal /  |c Enrique Castillo... [et al.]. 
264 4 |a Madrid, España :  |b Academia de Ingeniería,  |c 1999, c1999 
300 |a XII, 436 p. 
336 |a texto  |b txt  |2 rdacontenido 
337 |a sin mediación  |b n  |2 rdamedio 
338 |a volumen  |b nc  |2 rdasoporte 
440 1 |a (Monografías de la Academia de Ingeniería ;  |v 2) 
520 |a Contenido: Espacios vectoriales y sistemas de ecuaciones; Conceptos básicos; Conjuntos ortogonales; Cálculo matricial mediante conjuntos ortogonales; Aplicaciones de los conjuntos ortogonales; Conjuntos ortogonales y sistemas de ecuaciones lineales; Conos y sistemas de inecuaciones; Polítopos y poliedros; Conos y sistemas de desigualdades; Programación lineal; El método del punto exterior. 
649 |a XX 
650 |a Poliedros 
650 |a Espacios Vectoriales 
650 |a Programación Lineal 
650 |a Programación (Matemáticas) 
650 |a Desigualdades (Matemáticas) 
650 |a Matrices (Matemáticas) 
650 |a Ecuaciones Lineales 
650 |a Ecuaciones 
650 |a Teoría de Conjuntos 
650 |a Algebra Vectorial 
650 |a Algebra Lineal 
650 |a Algebra 
650 |a Cálculo 
650 |a Geometría del Espacio 
650 |a Geometría 
650 |a Matemáticas 
700 |a Castillo, Enrique  |e (autor) 
910 |a Fondo General 
920 |a Impresos - Libros 
930 |a Colección General 
905 |a 101 
901 |a 0500081730  |b IT1  |c ACC  |u 20250521 
902 |a https://opac.biblio.iteso.mx/vufind/Record/000152740